| 000 | 00623nam a2200217 a 4500 | ||
|---|---|---|---|
| 005 | 20231101063648.0 | ||
| 008 | 010720s1990 r 000 0 eng d | ||
| 020 | _a968293009X | ||
| 035 | _aUPN01000109909 | ||
| 049 | _aSEP | ||
| 050 | 4 |
_aPQ7104 _bL58 no.19 |
|
| 100 | 1 | _aGarfias, Pedro. | |
| 245 | 1 | 0 |
_aAntología poética / _cPedro Garfias ; selec. Juan Rejano ; presentación Enrique López Aguilar. |
| 260 |
_aMéxico : _bCNCA, _c1990. |
||
| 300 | _a232 p. | ||
| 440 | 0 |
_aLecturas mexicanas. _pTercera serie ; _v19 |
|
| 650 | 4 |
_aPoesía mexicana _91273 |
|
| 901 | _a182702 | ||
| 902 | _aMCM/cav | ||
| 905 | _aLibro | ||
| 999 |
_c83819 _d83819 |
||